Music Quiz

Random Music or Song Quiz

Songs on Eminem's 'Revival' Quiz Stats

 Plays Quiz Updated Dec 15, 2017

Challenge
Share
Tweet
Embed
Score 0/19 Timer 05:00
3 Plays Today
Track Song % Correct
1 Walk on Water (ft. Beyoncé)
81%
5 River (ft. Ed Sheeran)
77%
8Revival (interlude)
68%
4Untouchable
64.8%
18Castle
63.4%
2 Believe
62.5%
19Arose
61.5%
10 Bad Husband (ft. X Ambassadors)
58.5%
3 Chloraseptic (ft. PHresher)
58.3%
12Framed
56.6%
Track Song % Correct
7Remind Me
56.1%
6Remind Me (intro)
56%
15Offended
55.5%
14Heat
54.8%
9 Like Home (ft. Alicia Keys)
54.7%
16 Need Me (ft. P!nk)
50.2%
13 Nowhere Fast (ft. Kehlani)
49.9%
11 Tragic Endings (ft. Skylar Grey)
49.5%
17In Your Head
47.6%

You're not logged in!

Compare scores with friends on all Sporcle quizzes.
OR
Log In

You Might Also Like...

Show Comments

Extras

Top Quizzes Today


Score Distribution

Your Account Isn't Verified!

In order to create a playlist on Sporcle, you need to verify the email address you used during registration. Go to your Sporcle Settings to finish the process.

Report this User

Report this user for behavior that violates our Community Guidelines.

Details: